000 00683nam a2200253Ia 4500
003 OSt
005 20221006143842.0
006 a|||||r|||| 00| 0
007 ta
008 221006b |||||||| |||| 00| 0 eng d
020 _c125.00
024 _a10,184
037 _cTextual
040 _aEASL
_cEASL
_beng
041 _2eng
_aeng
082 _aW0gY:7.1.K7, M4
100 _aVASIL Raj K
245 0 _aPolitics in bi-racial societies
_b The Third world experience
260 _aNew Delhi
_bVikas Publishing House
_c1984
300 _a372p.
_ccm.
490 _v Oth
942 _hW0gY:7.1.K7, M4
_cTEXL
_2CC
999 _c1078270
_d1078270